El clasicismo en arquitectura (Record no. 147253)

MARC details
000 -LEADER
campo de control de longitud fija 00854nam a2200229 i 4500
001 - NÚMERO DE CONTROL
campo de control 147253
003 - IDENTIFICADOR DE NÚMERO DE CONTROL
campo de control ES-MaACL
007 - CAMPO FIJO DE DESCRIPCIÓN FÍSICA--INFORMACIÓN GENERAL
campo de control de longitud fija t|
008 - DATOS DE LONGITUD FIJA--INFORMACIÓN GENERAL
campo de control de longitud fija 070925q1984 sp ||||1| spa d
100 1# - ENTRADA PRINCIPAL--NOMBRE DE PERSONA
Nombre de persona Tzonis, Alexander.
9 (RLIN) 111816
245 13 - MENCIÓN DEL TÍTULO
Título El clasicismo en arquitectura
Resto del título : la poética del orden /
Mención de responsabilidad, etc. Alexander Tzonis, Liane Lefaivre, Denis Bilodeau ; prólogo de Antonio Fernández Alba ; [traducción Jorge Sáinz Avia].
260 ## - PUBLICACIÓN, DISTRIBUCIÓN, ETC.
Lugar de publicación, distribución, etc. [Madrid] :
Nombre del editor, distribuidor, etc. Hermann Blume,
Fecha de publicación, distribución, etc. [1984]
300 ## - DESCRIPCIÓN FÍSICA
Extensión 215 p. :
Otras características físicas il. ;
Dimensiones 21 cm.
490 1# - MENCIÓN DE SERIE
Mención de serie Biblioteca Básica de Arquitectura
700 1# - ENTRADA AGREGADA--NOMBRE PERSONAL
Nombre de persona Lefaivre, Liane.
9 (RLIN) 71217
700 1# - ENTRADA AGREGADA--NOMBRE PERSONAL
Nombre de persona Bilodeau, Denis.
9 (RLIN) 28898
700 1# - ENTRADA AGREGADA--NOMBRE PERSONAL
Nombre de persona Fernández Alba, Antonio.
9 (RLIN) 49442
700 1# - ENTRADA AGREGADA--NOMBRE PERSONAL
Nombre de persona Sáinz Avia, Jorge.
9 (RLIN) 101576
830 0# - PUNTO DE ACCESO ADICIONAL DE SERIE-TÍTULO UNIFORME
Título uniforme Biblioteca Básica de Arquitectura
9 (RLIN) 181390
852 ## - LOCALIZACIÓN
Ubicación ES-MaACL
Número de control de estantería L-7134
Sublocalización o colección R.107742
Holdings
Estatus retirado Estado de pérdida Estado de daño No para préstamo Biblioteca de origen Biblioteca actual Ubicación en estantería Fecha de adquisición Fuente de adquisición Total de préstamos Signatura topográfica completa Código de barras Visto por última vez Precio de reemplazo Tipo de ítem Koha
        Biblioteca del Ateneo de Madrid Biblioteca del Ateneo de Madrid Depósito 2 17/01/2008     L-7134 1153671 23/02/2023 23/02/2023 Libro impreso